000 00672cam a2200229 4500
008 020917n2002 000 0 eng u
020 _a1860815472
035 _a(Sirsi) u119714
050 _a614.7
100 _aYu, C.
245 _aVOC emmissions from building products : control, evaluation and labelling schemes
260 _aLondon
_bCRC
_c2002
300 _a8p.
_bill.
_c30cm.
490 _aBRE Digest
_v464 Part 2
650 _aBUILDING PRODUCTS
650 _aBUILT ENVIRONMENT-BUILDING MATERIALS
650 _aEMMISSIONS
650 _aVOLATILE ORGANIC COMPOUNDS
690 _aBUILT ENVIRONMENT-BUILDING MATERIALS
700 _aCrump, D.
942 _n0
999 _c102368
_d102368